Statystyki dla QUIZ ODEJMOWANIE POZIOM PROSTY

Kliknij tutaj aby rozwiązać quiz!

Ogólne statystyki

  • Ten quiz został rozwiązany 25 razy
  • Średni wynik to 21 z 25

Statystyki odpowiedzi

JAKIE DZIAŁANIEODPOWIEDŹ% Poprawnych
36-34=2
100%
23-21=2
100%
37-12=25
96%
35-10=25
96%
62-29=33
96%
85-52=33
96%
65-32=33
96%
63-22=41
96%
75-34=41
96%
69-69=0
87%
87-65=22
87%
65-43=22
87%
87-65=22
87%
33-23=10
83%
76-64=12
83%
49-32=17
78%
76-58=18
78%
76-45=31
78%
92-43=49
78%
87-28=59
78%
84-24=60
78%
86-42=44
74%
88-43=45
74%
89-61=38
52%
98-62=35
39%

Rozkład punktacji

Percentyl według liczby udzielonych odpowiedzi

Procent ludzi z każdym wynikiem

Twoja historia wyników

Nie rozwiązałeś tego quizu